| 000 | 00401nam a2200145 a 4500 | ||
|---|---|---|---|
| 001 | 128 | ||
| 003 | CDMR | ||
| 005 | 20130116135150.0 | ||
| 008 | 130130s2005||||||||||||||||||||||||||||d | ||
| 040 |
_aCDMR _bcat _cCPC LLEIDA |
||
| 100 | 1 |
_aPérez Benlloch, Juan José _9105 |
|
| 245 | 1 | 0 |
_aAl cierre _bEl periodismo tal como lo he vivido _cPEREZ BENLLOCH, J.J. |
| 260 |
_aValencia _c2005 _bEl Tábano |
||
| 942 | _cMON | ||
| 999 |
_c128 _d128 |
||